CLINICAL AND SURGICAL ANATOMY (Record no. 16912)

MARC details
000 -LEADER
fixed length control field 00322nam a22001457a 4500
003 - CONTROL NUMBER IDENTIFIER
control field SGT
020 ## - INTERNATIONAL STANDARD BOOK NUMBER
International Standard Book Number 978-81-312-0303-3
082 ## - DEWEY DECIMAL CLASSIFICATION NUMBER
Classification number 611
Item number C18S
100 ## - MAIN ENTRY--PERSONAL NAME
Personal name SINGH,VISHRAM
245 ## - TITLE STATEMENT
Title CLINICAL AND SURGICAL ANATOMY
260 ## - PUBLICATION, DISTRIBUTION, ETC. (IMPRINT)
Place of publication, distribution, etc NEW DELHI
Name of publisher, distributor, etc ELSEVIER
Year of Publication 2018
300 ## - PAGE DESCRIPTION
No. of Pages 508
650 ## - SUBJECT ADDED ENTRY--TOPICAL TERM
Topical term or geographic name as entry element AYURVEDA
942 ## - ADDED ENTRY ELEMENTS (KOHA)
Source of classification or shelving scheme Dewey Decimal Classification
Koha item type Books
942 ## - ADDED ENTRY ELEMENTS (KOHA)
-- 13
Holdings
Withdrawn status Lost status Source of classification or shelving scheme Damaged status Not for loan Collection code Home library Current library Shelving location Date acquired Vendor Name Cost, normal purchase price SGTU Bill Number Total Checkouts Full call number Accession No. (Barcode) Date last seen Date last borrowed Bill Date Koha item type Use restrictions
    Dewey Decimal Classification     AYURVEDA SGT FA-FP Library SGT FA-FP Library Text Book 18/02/2019 CHAUKHAMBA PUB 750.00 SGTU 10602 5 611 C18S FA10041 04/03/2024 09/02/2024 31/01/2019 Books  
    Dewey Decimal Classification     AYURVEDA SGT FA-FP Library SGT FA-FP Library Text Book 18/02/2019 CHAUKHAMBA PUB 750.00 SGTU 10602   611 C18S FA10042 18/02/2019   31/01/2019 Books  
    Dewey Decimal Classification     AYURVEDA SGT FA-FP Library SGT FA-FP Library Text Book 18/02/2019 CHAUKHAMBA PUB 750.00 SGTU 10602   611 C18S FA10043 18/02/2019   31/01/2019 Books  
    Dewey Decimal Classification     AYURVEDA SGT FA-FP Library SGT FA-FP Library Text Book 18/02/2019 CHAUKHAMBA PUB 750.00 SGTU 10602 6 611 C18S FA10044 28/01/2025 26/12/2024 31/01/2019 Books  
    Dewey Decimal Classification     AYURVEDA SGT FA-FP Library SGT FA-FP Library Text Book 18/02/2019 CHAUKHAMBA PUB 750.00 SGTU 10602   611 C18S FA10045 18/02/2019   31/01/2019 Books  
    Dewey Decimal Classification     AYURVEDA SGT FA-FP Library SGT FA-FP Library Reference Book 18/02/2019 CHAUKHAMBA PUB 750.00 SGTU 10602   611 C18S FA10046 18/02/2019   31/01/2019 Books Restricted Access
    Dewey Decimal Classification     AYURVEDA SGT FA-FP Library SGT FA-FP Library Text Book 18/02/2019 CHAUKHAMBA PUB 750.00 SGTU 10602   611 C18S FA10047 18/02/2019   31/01/2019 Books  
    Dewey Decimal Classification     AYURVEDA SGT FA-FP Library SGT FA-FP Library Text Book 18/02/2019 CHAUKHAMBA PUB 750.00 SGTU 10602 3 611 C18S FA10048 16/01/2025 16/01/2025 31/01/2019 Books  
    Dewey Decimal Classification     AYURVEDA SGT FA-FP Library SGT FA-FP Library Text Book 18/02/2019 CHAUKHAMBA PUB 750.00 SGTU 10602   611 C18S FA10049 18/02/2019   31/01/2019 Books  
    Dewey Decimal Classification     AYURVEDA SGT FA-FP Library SGT FA-FP Library Text Book 18/02/2019 CHAUKHAMBA PUB 750.00 SGTU 10602 2 611 C18S FA10050 04/07/2023 09/06/2023 31/01/2019 Books